=LDR 00000nam 2200000 4500 =001 INLIS000000000026452 =005 20130612124908 =008 ***********************************Ind** =035 ##$$0010-061300000026452 =041 ##$$a Ind =082 ##$$a 570 =090 ##$$a 570, Yat b =100 ##$$a Yatim, Wildan =245 ##$$a Biologi, Dr. Wildan Yatim =260 ##$$a 1996 $b Bandung =300 ##$$a 416 hlm, 21 cm =650 ##$$a Biologi =850 ##$$a NBPNMAT =990 ##$$a 0001/BPAP-NTB/2015